| 000 | 00662cab a2200229 4500 | ||
|---|---|---|---|
| 001 | WB2942-01 | ||
| 008 | 090401t1993 xxu||||| |||| 00| 0 eng d | ||
| 035 | _a(Sirsi) u67514 | ||
| 041 | _aeng | ||
| 245 | _aBeirut rebuilding to start | ||
| 260 | _c1993 | ||
| 350 | _a0 | ||
| 490 |
_aBuilding _v258(7819) 12 November 1993, 10(1) |
||
| 520 | _aThe £1.2bn rebuilding programme for Beirut will start early in 1994 as part of a ten-year plan of reconstruction for Lebanon. | ||
| 650 | _aBEIRUT | ||
| 650 | _aLEBANON | ||
| 650 | _aREBUILDING | ||
| 690 | _aBUILT ENVIRONMENT | ||
| 690 | _aOVERSEAS-REST OF THE WORLD | ||
| 942 | _n0 | ||
| 948 | _c04/03/1997 | ||
| 999 |
_c42241 _d42241 |
||